000 01451nam a2200421 i 4500
001 29030
003 KOSZ 005
005 20211203113632.0
008 971010s1989 pl a f |000 0 pol
015 _aPB 1989/8993
020 _a8304027488
040 _aWA N
_cWA N
_dKOSZ 005/HR
046 _k1989
080 _a621.1
080 _a621.22
080 _a532
100 1 _aChmielniak, Tadeusz
_d(1941- )
_eAutor
245 1 0 _aPodstawy teorii profilów i palisad łopatkowych /
_cTadeusz Chmielniak ; Polska Akademia Nauk. Instytut Maszyn Przepływowych.
260 _aWrocław [etc.] :
_bZakład Narodowy im. Ossolińskich,
_c1989.
300 _a426 s. :
_brys., wykr. ;
_c25 cm.
336 _2rdacontent
_aTekst
_btxt
337 _2rdamedia
_aBez urządzenia pośredniczącego
_bn
338 _2rdacarrier
_aWolumin
_bnc
380 _aKsiążki
380 _aPublikacje naukowe
388 _a1901-2000
388 _a1989-2000
490 1 _aMaszyny Przepływowe,
_x0860-3324 ;
_vt. 4.
504 _aBibliogr. s. 375-377.
650 4 _aMaszyny przepływowe
650 4 _aPrzepływ
658 _aInżynieria i technika
650 4 _a Konstrukcja maszyn i urządzeń
710 2 _aWydawnictwo Ossolineum
_4pbl
830 0 _aMaszyny Przepływowe
_vt. 4
856 _uhttp://koha.tu.koszalin.pl/cgi-bin/koha/opac-detail.pl?biblionumber=29030
_yKatalog online BPK
942 _2UKD
_cKS
999 _c29030
_d29030